| 000 | 00777nam a2200229 a 4500 | ||
|---|---|---|---|
| 001 | 000015944 | ||
| 003 | DO-SdBNP | ||
| 005 | 20171024110544.0 | ||
| 008 | 100222s1997 dr 001 0 spa d | ||
| 040 |
_aBPMSU _bspa _cBPMSU |
||
| 049 | _a | ||
| 092 |
_a _b |
||
| 111 | 2 |
_aSeminario "Desarrollo industrial en la República Dominicana : en ruta al tercer milenio" _d(1997 : febr. 6 _cSanto Domingo, República Dominicana) |
|
| 245 | 1 | 0 |
_aMemorias del seminario / _ceditor William Gutiérrez. |
| 260 |
_aSanto Domingo : _bBanco Central de la República Dominicana, _c1997. |
||
| 300 |
_a245 p. ; _c23 cm. |
||
| 700 | 1 |
_aGutierrez, William, _eed. |
|
| 910 | _a | ||
| 942 |
_2ddc _cBK |
||
| 945 | _aInventariado / 2017 VM | ||
| 956 |
_a VMATEO _b 10 _c 20170228 _l BPMSU _h 0069 |
||
| 999 |
_c12563 _d12563 |
||